• 首页
  • 本馆介绍
  • 公告通知
  • 最新文献
  • 馆藏检索
  • 电子资源
  • 读者导购
  • 参考咨询
  • 我的图书馆
  • 登录
  • 详细信息显示
  • 放入我的书架
  • 预约/预借图书
  • 作者相关作品
  • 分类相关作品
  • 丛书相关作品
  • 出版社相关作品

书目信息

  • 表格格式
  • 工作单格式
  • 卡片格式
题名:
大学英语四级阅读过关必练500题
    
 
作者: 赵建昆 主编
分册:  
出版信息: 北京   中国石化出版社  2014
页数: 201页
开本: 26cm
丛书名:
单 册:
中图分类: H319.37-44
科图分类:
主题词: 英语--Ying Yu--阅读教学--高等学校--习题集
电子资源:
ISBN: 978-7-5114-2978-0
000 00823nam0 22002411 450
001 0121113146
005 20161122104602.12
010    @a978-7-5114-2978-0@dCNY29.80
100    @a20141027d2014 em y0chiy50 ea
101 0  @achi@aeng
102    @aCN@b110000
105    @ay zq 000yy
106    @ar
200 1  @a大学英语四级阅读过关必练500题@ADa Xue Ying Yu Si Ji Yue Du Guo Guan Bi Lian 500Ti@f赵建昆主编
210    @a北京@c中国石化出版社@d2014
215    @a201页@d26cm
300    @a赵建昆大学英语四级辅导用书
330    @a本书分为四部分,包括:仔细阅读题精讲精练、匹配题精讲精练、选词填空题精讲精练、综合练习题。
606 0  @a英语@AYing Yu@x阅读教学@x高等学校@j习题集
690    @aH319.37-44@v5
701  0 @a赵建昆@AZhao Jian Kun@4主编
801  0 @aCN@bTANGWEI@c20161118
905    @b0899345-9@dH319.37-44@e162@f5
    
    大学英语四级阅读过关必练500题/赵建昆主编.-北京:中国石化出版社,2014
    201页;26cm
    赵建昆大学英语四级辅导用书
    
    ISBN 978-7-5114-2978-0:CNY29.80
    本书分为四部分,包括:仔细阅读题精讲精练、匹配题精讲精练、选词填空题精讲精练、综合练习题。
●
相关链接 在E读中查询图书 在五车中查询图书 在当当中查询图书 在豆瓣中查询图书


正题名:大学英语四级阅读过关必练500题     索取号:H319.37-44/162         预约/预借

序号 登录号 条形码 馆藏地/架位号 状态 备注
1 0899345   208993455   第二样本阅览室/ [索取号:H319.37-44/162] 在馆    
2 0899346   208993464   第四借阅区/ [索取号:H319.37-44/162] 在馆    
3 0899347   208993473   第四借阅区/ [索取号:H319.37-44/162] 在馆    
4 0899348   208993482   第四借阅区/ [索取号:H319.37-44/162] 在馆    
5 0899349   208993491   第四借阅区/ [索取号:H319.37-44/162] 已借出,限还日期为2026.05.04
借出人:张琦悦  
 
唐山师范学院图书馆 欢迎您!
大连网信软件有限公司© 版权所有